000
00356nam a2200145Ia 4500
008
240830s1989 xx 000 0 und d
041
_a
eng
082
_a
0 RAJ
100
_a
RAJWADE N.S.
245
_a
KOAIMARBHRATYA TANTRA STREE VIDNYAN
260
_b
M.V.GRANTH MANDAL , NAGPUR
_c
1989
650
_a
BAL-ROG
906
_a
N.D.
999
_c
1194036
_d
1194036